[Event "Kiev Spring 2011"]
[Site "Kiev UKR"]
[Date "2011.03.22"]
[Round "5.1"]
[White "Omelja,A"]
[Black "Gostev,S"]
[Result "1-0"]
[WhiteElo "2298"]
[BlackElo "2355"]

1.d4 Nf6 2.c4 g6 3.Nc3 Bg7 4.e4 d6 5.Nf3 O-O 6.Be2 e5 7.O-O Nbd7 8.Qc2 exd4
9.Nxd4 Re8 10.Rd1 Nc5 11.f3 Nh5 12.g3 a5 13.Be3 Nf6 14.Ndb5 b6 15.g4 Bb7
16.Rac1 Rc8 17.Qd2 h5 18.g5 Nh7 19.Bf1 Re5 20.h4 Ra8 21.Bg2 Re8 22.Re1 f6
23.f4 Kh8 24.f5 Nxe4 25.Nxe4 Bxe4 26.fxg6 Nf8 27.Bd4 f5 28.Qd1 Kg8 29.Bxg7 Kxg7
30.Qxh5 Bxg2 31.Qh6+ Kg8 32.g7 Ng6 33.Qxg6 Qd7 34.h5 f4 35.h6 Qh3 36.Rxe8+ Rxe8
37.Qxe8+  1-0

[Event "ch-Moscow S/F 2011"]
[Site "Moscow RUS"]
[Date "2011.03.22"]
[Round "6"]
[White "Tilicheev,V"]
[Black "Vorobiov,E"]
[Result "0-1"]
[WhiteElo "2336"]
[BlackElo "2558"]

1.d4 Nf6 2.c4 g6 3.Nc3 Bg7 4.e4 d6 5.Nf3 O-O 6.Be2 e5 7.O-O exd4 8.Nxd4 Re8
9.f3 c6 10.Nc2 Na6 11.Be3 d5 12.cxd5 cxd5 13.Bb5 Bd7 14.Bxa6 bxa6 15.Nxd5 Nxd5
16.Qxd5 Ba4 17.Qxd8 Raxd8 18.Rf2 f5 19.Rb1 fxe4 20.fxe4 Bc6 21.Bxa7 Bxe4
22.b4 Rf8 23.Rxf8+ Bxf8 24.Rc1 Rc8  0-1

[Event "Zonal 2.3 Caribbean 2011"]
[Site "Santiago de los Caballeros DOM"]
[Date "2011.03.22"]
[Round "7"]
[White "Pitterson,J"]
[Black "Lorenzana,W"]
[Result "1/2-1/2"]
[WhiteElo "2263"]
[BlackElo "2227"]

1.d4 Nf6 2.c4 g6 3.Nc3 Bg7 4.e4 d6 5.Nf3 O-O 6.Be2 Nbd7 7.O-O e5 8.Qc2 c6
9.Rd1 Qe7 10.Rb1 exd4 11.Nxd4 Re8 12.f3 a5 13.b3 Nc5 14.Bf1 Qc7 15.Bb2 Nh5
16.Qd2 Be5 17.g3 Qe7 18.Bg2 Bg7 19.Rbc1 Bf8 20.Re1 Qc7 21.Kh1 Bd7 22.g4 Ng7
23.Ndb5 Qb8 24.Nd4 h5 25.h3 Qd8 26.Kg1 Be7 27.Rcd1 hxg4 28.fxg4 Bg5 29.Qc2 Qe7
30.Nf3 Bf4 31.Qf2  1/2-1/2

[Event "Kiev Spring 2011"]
[Site "Kiev UKR"]
[Date "2011.03.23"]
[Round "6.19"]
[White "Salimsky,A"]
[Black "Konopatska,Oleksandra"]
[Result "1-0"]
[WhiteElo "2082"]
[BlackElo "1675"]

1.d4 Nf6 2.Nf3 g6 3.c4 Bg7 4.Nc3 O-O 5.e4 d6 6.Be2 e5 7.O-O Nbd7 8.d5 Ne8
9.Ne1 f5 10.Nd3 f4 11.Bg4 Ndf6 12.Bxc8 Rxc8 13.f3 Nh5 14.Bd2 Bf6 15.b4 Bh4
16.c5 Ng3 17.Re1 Nh5 18.Nf2 Nhg7 19.Qa4 h5 20.Rec1 Bxf2+ 21.Kxf2 Qh4+ 22.Kg1 Nf6
23.Be1 Qg5 24.cxd6 Ng4 25.h4 Qf6 26.Nd1 g5 27.hxg5 Qxg5 28.Rxc7 Rxc7 29.dxc7 Ne3
30.Nxe3 fxe3 31.Qd7 Nf5 32.exf5 h4 33.c8=Q h3 34.Qe6+ Kh7 35.Qc7+ Kh8 36.Qcxe5+  1-0

[Event "ch-Moscow S/F 2011"]
[Site "Moscow RUS"]
[Date "2011.03.24"]
[Round "7"]
[White "Ulko,J"]
[Black "Erofeev,A"]
[Result "1-0"]
[WhiteElo "2476"]
[BlackElo "2272"]

1.d4 Nf6 2.c4 g6 3.Nc3 Bg7 4.e4 d6 5.Nf3 O-O 6.Be2 Na6 7.O-O e5 8.Re1 c6
9.Be3 Ng4 10.Bg5 Qe8 11.h3 h6 12.Bh4 exd4 13.Nxd4 Nf6 14.Bf1 Be6 15.Nf5 gxf5
16.exf5 Qd7 17.Bxf6 Bxf6 18.Qg4+ Bg7 19.Bd3 Nc5 20.Bc2 Qd8 21.fxe6 fxe6 22.Ne4 Nxe4
23.Qxe6+ Rf7 24.Qxe4 Qf6 25.Re2 Qf4 26.Qh7+ Kf8 27.Bg6 Rc7 28.Re4  1-0

[Event "Zonal 2.3 Caribbean 2011"]
[Site "Santiago de los Caballeros DOM"]
[Date "2011.03.24"]
[Round "9"]
[White "Leyva,H"]
[Black "Arenas,D"]
[Result "0-1"]
[WhiteElo "2393"]
[BlackElo "2420"]

1.d4 Nf6 2.c4 g6 3.Nc3 Bg7 4.e4 d6 5.Nf3 O-O 6.Be2 e5 7.d5 a5 8.Bg5 h6 9.Bh4 Na6
10.Nd2 Qe8 11.a3 Bd7 12.b3 Nh7 13.Qb1 h5 14.f3 Bh6 15.Bf2 Qe7 16.h4 f5 17.Ra2 b6
18.b4 Nf6 19.Bd3 Bf4 20.Ke2 Kh8 21.Re1 Ng8 22.c5 bxc5 23.b5 c4 24.Nxc4 Nc5
25.Rb2 Nxd3 26.Kxd3 Nf6 27.b6 fxe4+ 28.Rxe4 cxb6 29.Rxb6 Rac8 30.Rb7 Qd8
31.Qb6 Nxe4 32.Nxe4 Qxb6 33.Rxb6 Bf5 34.Rxd6 Rcd8 35.g3 Bc1 36.Bc5 Rc8 37.Rc6 Rfd8
38.Rxc8 Rxc8 39.Bd6 Bh6 40.Bxe5+ Bg7 41.Bxg7+ Kxg7 42.Kd4 a4 43.Nc5 Ra8 44.Ne5 Rd8
45.g4 hxg4 46.fxg4 Bc8 47.Nxa4 Rh8 48.Nb6 Bxg4 49.Nxg4 Rxh4 50.d6 Kf7 51.Kd5 Rxg4
52.Kc6 Rg1 53.a4 Ke8 54.a5 Ra1 55.Kc7 Rc1+ 56.Kb7 g5 57.a6 g4 58.a7 Ra1 59.a8=Q+ Rxa8
60.Kxa8 g3 61.Kb7 Kd8 62.Kc6 g2 63.Nd5 g1=Q 64.Nb6 Qd4 65.d7 Qf6+ 66.Kb7 Qd6
67.Ka8 Kc7 68.Nc8 Qc6+  0-1

[Event "Angora Int 2011"]
[Site "Ankara TUR"]
[Date "2011.03.25"]
[Round "8"]
[White "Guramishvili,S"]
[Black "Dastan,B"]
[Result "1-0"]
[WhiteElo "2334"]
[BlackElo "2169"]

1.d4 Nf6 2.c4 g6 3.Nc3 Bg7 4.e4 d6 5.Be2 O-O 6.Be3 e5 7.Nf3 exd4 8.Nxd4 Re8
9.f3 c6 10.Bf2 d5 11.exd5 cxd5 12.O-O Nc6 13.c5 Bf8 14.Kh1 Be6 15.a3 Na5
16.b4 Nc4 17.Nxe6 fxe6 18.Bxc4 dxc4 19.Qc1 Qd7 20.Rd1 Qf7 21.Bh4 Nd5 22.Ne4 Rec8
23.Qxc4 Ne3 24.Qb3 Nxd1 25.Rxd1 Kh8 26.Ng5 Qf6 27.g3 h6 28.Ne4 Qf7 29.Bf6+ Kg8
30.Kg2 a5 31.Rd2 axb4 32.axb4 g5 33.g4 Re8 34.Qd1 Be7 35.Be5 Red8 36.Nd6 Bxd6
37.Bxd6 Qf6 38.Qe2 Ra1 39.Qe4 Rc1 40.Re2 Re8 41.Be5 Qf7 42.Qd3 Qh7 43.Re4 Ra8
44.Qb3 Qd7 45.Rd4 Qf7 46.Qd3 Rf8 47.Rd7 Rc2+ 48.Kg1 Rc1+ 49.Kf2 Rc2+ 50.Ke1 Ra8
51.Rxf7  1-0

[Event "ch-VIE Men"]
[Site "Da Lat VIE"]
[Date "2011.03.26"]
[Round "9.6"]
[White "Ton,T"]
[Black "Nguyen Van Huy"]
[Result "0-1"]
[WhiteElo "2204"]
[BlackElo "2459"]

1.d4 Nf6 2.c4 g6 3.Nc3 Bg7 4.e4 d6 5.Nf3 O-O 6.Be2 e5 7.Be3 Ng4 8.Bg5 f6
9.Bh4 Nc6 10.dxe5 Ngxe5 11.Nxe5 dxe5 12.Qd5+ Qxd5 13.cxd5 Nd4 14.O-O Bd7
15.Bd3 c5 16.dxc6 bxc6 17.Na4 Rfd8 18.Nc5 Be8 19.Rfc1 Bf7 20.Kf1 g5 21.Bg3 Bf8
22.Bc4 Bxc5 23.Bxf7+ Kxf7 24.Rxc5 Rab8 25.b3 Rb5 26.Rac1 Rxc5 27.Rxc5 g4
28.Ke1 Rd6 29.Rc3 Nb5 30.Re3 c5 31.f3 Nd4 32.Rc3 gxf3 33.gxf3 Ra6 34.a4 Rb6
35.Bf2 Kg6 36.f4 Rxb3 37.Rxc5 Rb1+ 38.Kd2 Rb2+ 39.Ke3 Rc2 40.Kd3 Rxf2 41.fxe5 Nb3
42.Rb5 Rf3+ 43.Kc4 Nd2+ 44.Kd4 Ra3  0-1

[Event "4NCL 2010-11"]
[Site "Daventry ENG"]
[Date "2011.03.26"]
[Round "7.15"]
[White "Almond,R"]
[Black "Trent,L"]
[Result "0-1"]
[WhiteElo "2145"]
[BlackElo "2442"]

1.d4 Nf6 2.c4 g6 3.Nc3 Bg7 4.e4 d6 5.Nf3 O-O 6.Be2 e5 7.O-O Nbd7 8.Qc2 Nh5
9.Rd1 Nf4 10.Bf1 c5 11.d5 Nf6 12.a3 Bg4 13.Be2 Nxe2+ 14.Qxe2 Nh5 15.h3 Bd7
16.Bg5 f6 17.Be3 Nf4 18.Qd2 g5 19.b4 b6 20.bxc5 bxc5 21.Rab1 f5 22.Rb7 Bc8
23.Rb3 Ba6 24.Bxf4 exf4 25.Qd3 g4 26.Nd2 Bc8 27.exf5 Bxf5 28.Nce4 gxh3 29.gxh3 Qh4
30.Qf3 Qh6 31.Kh2 Kh8 32.Rg1 Be5 33.Ng5 Bg6 34.Rb7 Bh5 35.Qe4 f3+ 36.Kh1 Bg6
37.Qg4 Rf4 38.Qe6 Rf6 39.Qg4 Raf8 40.Nde4 Rf4 41.Qe6 Qh5 42.Nxd6 Bd4 43.Kh2 a5
44.Rc7 a4 45.Rc8 Bg7 46.Rxf8+ Rxf8 47.Qe7 h6 48.Nge4 Qe5+ 49.Qxe5 Bxe5+ 50.Kh1 Bh7
51.Rg4 Rf4 52.Rxf4 Bxf4 53.Nf7+ Kg7 54.Nxc5 Kxf7 55.Nxa4 Bc1 56.c5 Bxa3 57.c6 Bf5
58.Kh2 Bd6+ 59.Kh1 Bxh3 60.Nc3 Bf8 61.Nb5 Ke7  0-1

[Event "TCh-BEL 2010-11"]
[Site "Roux BEL"]
[Date "2011.03.27"]
[Round "11.8"]
[White "Hammes,M"]
[Black "Ahn,M"]
[Result "1/2-1/2"]
[WhiteElo "2394"]
[BlackElo "2292"]

1.d4 Nf6 2.c4 g6 3.Nc3 Bg7 4.e4 d6 5.Be2 O-O 6.Nf3 e5 7.O-O Nh5 8.g3 Bh3
9.Re1 exd4 10.Nxd4 Nf6 11.Bf4 Nbd7 12.Qd2 Re8 13.f3 h5  1/2-1/2

[Event "ch-CHN 2011"]
[Site "Xinghua Jiangsu CHN"]
[Date "2011.03.30"]
[Round "1"]
[White "Zhang Ziyang"]
[Black "Zhao Jun"]
[Result "0-1"]
[WhiteElo "2442"]
[BlackElo "2580"]

1.d4 Nf6 2.c4 g6 3.Nc3 Bg7 4.e4 d6 5.Nf3 O-O 6.Be2 e5 7.O-O Na6 8.Be3 Ng4
9.Bg5 Qe8 10.h3 f6 11.Bd2 Nh6 12.dxe5 dxe5 13.Qb3 Nf7 14.Qa3 c6 15.b4 Qe7
16.Rab1 Nc7 17.Be3 Ne6 18.Na4 f5 19.exf5 gxf5 20.Nc5 f4 21.Nxe6 Qxe6 22.Bc5 Re8
23.Rfe1 Qh6 24.b5 e4 25.bxc6 bxc6 26.Nh2 Be6 27.Bf1 Qg6 28.Kh1 Ne5 29.Rb7 Nd3
30.Bxd3 exd3 31.Qc1 Bf7 32.Rxe8+ Rxe8 33.Nf3 Qe6 34.Qxf4 Qxc4 35.Bd4 c5 36.Ne5 Qd5
37.Rd7 Qe6 38.Rxf7 Bxe5 39.Bxe5 Qxf7 40.Qg4+ Qg6 41.Qf4 d2  0-1

[Event "Bocharov Memorial"]
[Site "Borisoglebsk RUS"]
[Date "2011.04.01"]
[Round "2"]
[White "Titov,Serge"]
[Black "Tkachuk,Sergey"]
[Result "1/2-1/2"]
[WhiteElo "1995"]
[BlackElo "2151"]

1.d4 Nf6 2.Nf3 g6 3.c4 Bg7 4.Nc3 O-O 5.e4 d6 6.Be2 e5 7.dxe5 dxe5 8.Qxd8 Rxd8
9.Bg5 c6 10.O-O h6 11.Be3 Ng4 12.Rfd1 Re8 13.Bc5 Na6 14.Bd6 Bf8 15.Bxf8 Kxf8
16.h3 Nf6 17.Rd6 Kg7 18.Rad1 Nc5 19.Rd8 Re7 20.Nd2 Ne6 21.Rd3 Nf4 22.Re3 Bd7
23.Bf1 Rae8 24.Nb3 Bc8 25.Kh2 Rd7 26.Rxd7 Nxd7 27.g3 Ne6 28.Rd3 Ndc5 29.Nxc5 Nxc5
30.Rd1 a5 31.b3 Kf8 32.f3 Ke7 33.Kg2 Bd7 34.Kf2 Ne6 35.Na4 Rd8 36.c5 Nd4
37.Nb6 Be6 38.Nc4 Bxc4 39.Bxc4 Ne6 40.Rxd8 Nxd8 41.Ke3 f6 42.Kd3 Kd7 43.Bg8 Kc7
44.Kc4  1/2-1/2

[Event "Telin International Open"]
[Site "Jakarta INA"]
[Date "2011.04.01"]
[Round "1.11"]
[White "Irwanto,S"]
[Black "Dewi,A"]
[Result "1-0"]
[WhiteElo "2417"]
[BlackElo "1994"]

1.d4 Nf6 2.c4 g6 3.Nc3 Bg7 4.Nf3 O-O 5.e4 d6 6.Be2 e5 7.Be3 Na6 8.O-O Ng4
9.Bg5 f6 10.Bc1 Nh6 11.h3 Nf7 12.dxe5 dxe5 13.b3 c6 14.Ba3 Re8 15.Qc2 Qa5
16.Bb2 Be6 17.a3 Rad8 18.b4 Qc7 19.c5 Nb8 20.Rad1 Nd7 21.Bc1 f5 22.Ng5 Nxg5
23.Bxg5 Bf6 24.Rxd7 Rxd7 25.Bxf6 f4 26.f3 g5 27.Rd1 h6 28.h4 Kf7 29.hxg5 Kg6
30.Nd5 cxd5 31.exd5+ Bf5 32.Bd3 e4 33.fxe4 hxg5 34.d6 Qc8 35.exf5+ Kxf6 36.Qc3+ Re5
37.Re1 Qe8 38.Bb5 Kxf5 39.Qxe5+ Qxe5 40.Bxd7+  1-0

[Event "TCh-NOR Attack-serien 2010-11"]
[Site "Oslo NOR"]
[Date "2011.04.01"]
[Round "7"]
[White "Elsness,F"]
[Black "Stokke,K"]
[Result "1/2-1/2"]
[WhiteElo "2484"]
[BlackElo "2408"]

1.d4 Nf6 2.c4 g6 3.Nc3 Bg7 4.e4 O-O 5.Nf3 d6 6.Be2 e5 7.d5 a5 8.h3 Na6 9.Bg5 Qe8
10.Nd2 Nd7 11.a3 Nb6 12.Be3 Bd7 13.b3 f5 14.O-O Qe7 15.Rb1 Nc5 16.f3 Qh4
17.Qc2 Bh6 18.Bxh6 Qxh6 19.b4 axb4 20.axb4 Ra3 21.Rf2 Nba4 22.Nb5 Bxb5 23.cxb5 fxe4
24.bxc5 e3 25.Nc4 exf2+ 26.Kxf2 Rc3 27.Qxa4 e4 28.Qb4 Qh4+ 29.Kg1 Rc2 30.Qe1 Qf6
31.fxe4 Qd4+ 32.Kh1 Qxe4 33.Bf1 Qxe1 34.Rxe1 Rxf1+  1/2-1/2

[Event "ch-CHN w 2011"]
[Site "Xinghua Jiangsu CHN"]
[Date "2011.04.02"]
[Round "4"]
[White "Tan Zhongyi"]
[Black "Zhang Xiaowen"]
[Result "0-1"]
[WhiteElo "2428"]
[BlackElo "2344"]

1.d4 Nf6 2.c4 g6 3.Nc3 Bg7 4.e4 d6 5.Nf3 O-O 6.Be2 e5 7.Be3 Ng4 8.Bg5 f6
9.Bh4 Nc6 10.d5 Ne7 11.Nd2 f5 12.Bxg4 fxg4 13.Bg5 h6 14.Be3 c5 15.dxc6 bxc6
16.b4 Be6 17.O-O d5 18.cxd5 cxd5 19.Bc5 d4 20.Nb5 Qd7 21.a4 h5 22.Qb1 h4
23.Qd3 h3 24.g3 Bh6 25.Nd6 Kh7 26.b5 Rf6 27.Rac1 Nc8 28.N6c4 Bxc4 29.Rxc4 Nb6
30.Bxb6 axb6 31.Rfc1 Ra7 32.Rc6 Qf7 33.Rxf6 Qxf6 34.Rc6 Qf7 35.Nf1 Rxa4 36.f4 gxf3
37.Qc2 Ra2 38.Rc7 f2+ 39.Kh1 Rxc2 40.Rxf7+ Kg8 41.Rf3 Be3  0-1

[Event "TCh-NOR Attack-serien 2010-11"]
[Site "Oslo NOR"]
[Date "2011.04.03"]
[Round "9"]
[White "Hagen,Ande"]
[Black "Guttulsrud,O"]
[Result "0-1"]
[WhiteElo "2084"]
[BlackElo "2110"]

1.d4 Nf6 2.c4 g6 3.Nc3 Bg7 4.e4 d6 5.Be2 O-O 6.Nf3 e5 7.d5 a5 8.Bg5 h6 9.Bh4 Na6
10.Nd2 Qe8 11.a3 Bd7 12.b3 Nh7 13.Rb1 h5 14.f3 Nc5 15.Qc2 Bh6 16.O-O f5 17.b4 axb4
18.axb4 Na4 19.Nb5 Be3+ 20.Kh1 Bxb5 21.cxb5 Bd4 22.Rb3 Qd7 23.Bf2 Nf6 24.Bxd4 exd4
25.Qc4 Nc3 26.Bd3 fxe4 27.fxe4 Ng4 28.Rxf8+ Rxf8 29.Qxd4 Nxb5 30.Qa1 Ne5
31.Be2 Rf2 32.Qe1 Rxe2 33.Qxe2 Nd4 34.Qf2 Nxb3 35.Nxb3 Qb5 36.Nd4 Qxb4 37.h3 Qb1+
38.Kh2 Qxe4 39.Ne6 Qf5  0-1

[Event "11th European Senior"]
[Site "Courmayeur ITA"]
[Date "2011.04.06"]
[Round "1.9"]
[White "Butnorius,A"]
[Black "Beltrami,N"]
[Result "1-0"]
[WhiteElo "2388"]
[BlackElo "1956"]

1.d4 Nf6 2.Nf3 g6 3.c4 Bg7 4.Nc3 O-O 5.e4 d6 6.Be2 e5 7.O-O exd4 8.Nxd4 Re8
9.f3 Nc6 10.Be3 Nh5 11.Nxc6 bxc6 12.Qd2 Nf6 13.Rad1 Bb7 14.c5 d5 15.exd5 cxd5
16.Bd4 c6 17.Rfe1 Qa5 18.b4 Qc7 19.Bf1 Rxe1 20.Rxe1 Re8 21.Rxe8+ Nxe8 22.a4 Bxd4+
23.Qxd4 Ng7 24.a5 Ne6 25.Qf6 Qf4 26.Qxf4 Nxf4 27.Kf2 Ne6 28.Bd3 Kg7 29.Ne2 Kf6
30.Ke3 h6 31.f4 g5 32.g3 Bc8 33.Nc1 Nc7 34.Nb3 Ba6 35.Nd4 Bb5 36.Bxb5 cxb5
37.fxg5+ hxg5 38.h4 gxh4 39.gxh4 a6 40.Kf4 Ne8 41.h5 Nc7 42.h6 Ne8 43.Nf5  1-0

[Event "Karposh Open"]
[Site "Skopje MKD"]
[Date "2011.04.07"]
[Round "7"]
[White "Kosic,D"]
[Black "Skoberne,J"]
[Result "1/2-1/2"]
[WhiteElo "2466"]
[BlackElo "2553"]

1.d4 Nf6 2.Nf3 g6 3.c4 Bg7 4.Nc3 O-O 5.e4 d6 6.Be2 e5 7.O-O Na6 8.Be3 Ng4
9.Bg5 Qe8 10.h3 f6 11.Bc1 Nh6 12.Re1 Nf7 13.Bf1 c6 14.b3 Qd8 15.Bb2 Ng5 16.Nxg5 fxg5
17.dxe5 g4 18.Qxd6 Qg5 19.Bc1 Qxe5 20.Qxe5 Bxe5 21.Bb2 gxh3 22.gxh3 Nb4 23.Rac1 Nxa2
24.Rc2 Nb4 25.Rd2 Be6 26.Bg2 Bf4 27.Rdd1 Rad8 28.Rxd8 Rxd8 29.Ne2 Bg5 30.Nd4 Bf7
31.Bf1 Bd2 32.Ra1 a6 33.Nf3 Bf4 34.Bf6 Rd7 35.h4 c5 36.e5 Be6 37.Re1 h6 38.Re4 Bc1
39.Kh2 Kf7 40.Kg3 Nc6 41.Re1 Bb2 42.Re2 Bd4 43.Bg2 Bc3 44.Re3 Nd4 45.Bh3 Ba5
46.Nxd4 cxd4 47.Rd3  1/2-1/2

[Event "10th Weiz City Open"]
[Site "Weiz AUT"]
[Date "2011.04.07"]
[Round "1"]
[White "Almer,G"]
[Black "Veigl,Thomas"]
[Result "1-0"]
[WhiteElo "2091"]
[BlackElo "1891"]

1.d4 Nf6 2.c4 g6 3.Nc3 Bg7 4.e4 d6 5.Nf3 O-O 6.Be2 c6 7.O-O e5 8.d5 cxd5
9.cxd5 Nbd7 10.Rb1 Nc5 11.Nd2 Ne8 12.b4 Nd7 13.Nc4 Nb6 14.Nxb6 Qxb6 15.Be3 Qd8
16.Qb3 f5 17.f3 f4 18.Bf2 Bd7 19.Rfc1 g5 20.a4 h5 21.Nb5 g4 22.Rc3 a6 23.Na3 Qg5
24.fxg4 hxg4 25.Bf1 Bf6 26.Nc4 Bd8 27.g3 f3 28.h4 gxh3 29.Rxf3 Rxf3 30.Qxf3 Bxa4
31.Bxh3 Bb5 32.Be6+ Kh7 33.Be3 Qf6 34.Qh5+ Kg7 35.Rf1  1-0

[Event "ch-CHN w 2011"]
[Site "Xinghua Jiangsu CHN"]
[Date "2011.04.07"]
[Round "8"]
[White "Guo Qi"]
[Black "Wang Jue"]
[Result "0-1"]
[WhiteElo "2331"]
[BlackElo "2275"]

1.d4 Nf6 2.Nf3 g6 3.c4 Bg7 4.Nc3 O-O 5.e4 d6 6.Be2 e5 7.Be3 Na6 8.O-O Ng4
9.Bg5 Qe8 10.Re1 exd4 11.Nd5 f6 12.Bf4 d3 13.Qxd3 Ne5 14.Qd2 Qf7 15.b3 Nc5
16.Nc3 Ne6 17.Bh6 Nxf3+ 18.Bxf3 Ng5 19.Bxg5 fxg5 20.Rac1 g4 21.Bd1 Bh6 22.Re3 Be6
23.Bc2 Bxe3 24.Qxe3 a6 25.Bd3 Qf6 26.Ne2 c5 27.a4 Qe5 28.h3 h5 29.hxg4 hxg4
30.Qg3 Qxg3 31.Nxg3 b5 32.cxb5 axb5 33.Bxb5 Bxb3 34.e5 Bxa4 35.Bc4+ Kg7 36.exd6 Rfe8
37.Bd5 Rac8 38.Ra1 Re5 39.Bc4 Bc6 40.Ra7+ Kh6 41.Ra6 Re1+ 42.Kh2 Kg5 43.Ne2 Rd1
44.Be6 Rh8+ 45.Kg3 Rd3+ 46.f3 gxf3 47.Rxc6 fxe2+ 48.Kf2 e1=Q+  0-1

[Event "Karposh Open"]
[Site "Skopje MKD"]
[Date "2011.04.08"]
[Round "8"]
[White "Menkinoski,R"]
[Black "Skoberne,J"]
[Result "0-1"]
[WhiteElo "2298"]
[BlackElo "2553"]

1.Nf3 g6 2.d4 Bg7 3.c4 Nf6 4.Nc3 O-O 5.e4 d6 6.Be2 e5 7.O-O Nbd7 8.d5 Nc5
9.Qc2 a5 10.Re1 Bd7 11.Nd2 Bh6 12.Nf1 Bxc1 13.Raxc1 Ne8 14.Qd2 Ng7 15.Ng3 Qh4
16.Bf1 f5 17.exf5 gxf5 18.f3 Rf6 19.Nh1 f4 20.Qf2 Qg5 21.Ne4 Nxe4 22.fxe4 b6
23.Rc3 Kh8 24.Be2 Rg8 25.Bf3 Rh6 26.Ra3 Ne8 27.b4 axb4 28.Ra8 Bg4 29.Rb1 Qh5
30.Bxg4 Qxh2+ 31.Kf1 Qxh1+ 32.Qg1 Rxg4 33.Rxe8+ Kg7 34.Rb3 Rh2 35.Re7+ Kf6
36.Rxc7 Qxg1+ 37.Kxg1 Rgxg2+ 38.Kf1 Rxa2  0-1

[Event "ch-CHN w 2011"]
[Site "Xinghua Jiangsu CHN"]
[Date "2011.04.08"]
[Round "9"]
[White "Zhao Xue"]
[Black "Ju Wenjun"]
[Result "1-0"]
[WhiteElo "2495"]
[BlackElo "2519"]

1.d4 Nf6 2.c4 g6 3.Nc3 Bg7 4.e4 d6 5.Nf3 O-O 6.Be2 e5 7.O-O Na6 8.Re1 c6
9.Rb1 Nh5 10.b4 exd4 11.Nxd4 Nxb4 12.Bxh5 c5 13.Nde2 gxh5 14.Bf4 Be5 15.Bh6 Re8
16.f4 Bf6 17.f5 Nxa2 18.Nxa2 Rxe4 19.Nac3 Re5 20.Bf4 Bxf5 21.Rxb7 Re6 22.Nd5 Bg4
23.Qd2 Bh4 24.Ng3 a5 25.Rxe6 fxe6 26.Qd3 Bf5 27.Nxf5  1-0

[Event "11th European Senior"]
[Site "Courmayeur ITA"]
[Date "2011.04.09"]
[Round "4.41"]
[White "Smits,O"]
[Black "Deiana,G"]
[Result "1-0"]
[WhiteElo "1870"]
[BlackElo "1689"]

1.d4 Nf6 2.Nf3 g6 3.c4 Bg7 4.Nc3 O-O 5.e4 d6 6.Be2 e5 7.d5 a5 8.h3 Na6 9.O-O Nc5
10.Qc2 Bd7 11.Be3 c6 12.Bxc5 dxc5 13.Nxe5 cxd5 14.Nxd7 Nxd7 15.Nxd5 Qh4 16.Rad1 Ne5
17.Kh2 Nc6 18.g3 Qh6 19.Qd2 Nd4 20.f4 Rae8 21.Bd3 Qh5 22.Kg2 Qh6 23.b3 f6
24.Qxa5 Ra8 25.Qd2 Ra3 26.Bb1 Rfa8 27.Nc3 Rd8  1-0

[Event "11th European Senior"]
[Site "Courmayeur ITA"]
[Date "2011.04.09"]
[Round "4.48"]
[White "Castiglioni,Nando"]
[Black "Cesati Cassin,Giorgio"]
[Result "1/2-1/2"]
[WhiteElo "1651"]
[BlackElo "1595"]

1.d4 Nf6 2.c4 g6 3.Nf3 Bg7 4.Nc3 d6 5.e4 O-O 6.Be2 Nbd7 7.O-O e5 8.h3 exd4
9.Nxd4 a5 10.Re1 Nc5 11.Bf3 Re8 12.Qc2 Bd7 13.Nb3 Na4 14.Nxa4 Bxa4 15.Qd3 Bd7
16.Bd2 a4 17.Nd4 c6 18.Rab1 Rb8 19.Bf4 Bf8 20.c5 Bc8 21.Qc2 Ra8 22.cxd6 Bg7
23.e5 Nd7 24.Qd2 Nc5 25.Rbc1 Ne6 26.Nxe6 fxe6 27.Rcd1 Bd7 28.Bg5 Qa5 29.Qe3 b5
30.Bf6 Bxf6 31.exf6 Rf8 32.Qd4 Qd8 33.Rc1 Qxf6 34.Qxf6 Rxf6 35.Bxc6 Rd8 36.Bxd7 Rxd7
37.Rc8+ Rf8 38.Rxf8+ Kxf8 39.Rd1 Kf7 40.f4 Kf6 41.g4 h6 42.Kf2 e5 43.Ke3 exf4+
44.Kxf4 Ke6 45.h4 Rxd6 46.Rxd6+ Kxd6 47.h5  1/2-1/2

[Event "4th Metropolitan Invitational"]
[Site "Los Angeles USA"]
[Date "2011.04.09"]
[Round "6"]
[White "Banawa,Joe"]
[Black "Matikozian,A"]
[Result "1/2-1/2"]
[WhiteElo "2340"]
[BlackElo "2476"]

1.d4 Nf6 2.c4 g6 3.Nc3 Bg7 4.e4 d6 5.Nf3 O-O 6.Be2 e5 7.O-O exd4 8.Nxd4 Re8
9.f3 Nc6 10.Nc2 Nh5 11.g4 Nf6 12.Be3 h5 13.g5 Nh7 14.Qd2 Bh3 15.Rf2 Ne5 16.Kh1 f6
17.gxf6 Bxf6 18.Nd5 Bg7 19.Rg1 Be6 20.Nd4 Bf7 21.Rfg2 Kh8 22.Bh6  1/2-1/2

[Event "TCh-NED"]
[Site "Netherlands NED"]
[Date "2011.04.09"]
[Round "8.5"]
[White "Wiersma,E"]
[Black "Van der Hoeven,G"]
[Result "0-1"]
[WhiteElo "2419"]
[BlackElo "2271"]

1.d4 g6 2.c4 Bg7 3.e4 d6 4.Nc3 Nf6 5.Nf3 O-O 6.Be2 e5 7.O-O Nbd7 8.Qc2 c6
9.d5 c5 10.Bg5 h6 11.Bd2 Ne8 12.g3 Nb6 13.Nh4 Bh3 14.Rfb1 Bf6 15.Bxh6 Bxh4
16.gxh4 Qxh4 17.Qc1 f5 18.Bxf8 Kxf8 19.f3 f4 20.Kh1 Nf6 21.Qe1 Qh5 22.Qf2 g5
23.a3 Ke7 24.b4 Nbd7 25.Na4 b6 26.bxc5 dxc5 27.d6+ Kf7 28.Nc3 g4 29.Rg1 g3
30.hxg3 Bf1+  0-1

[Event "11th European Senior"]
[Site "Courmayeur ITA"]
[Date "2011.04.10"]
[Round "5.15"]
[White "Fatalibekova,E"]
[Black "Valenti,G"]
[Result "0-1"]
[WhiteElo "2282"]
[BlackElo "2143"]

1.d4 d6 2.Nf3 g6 3.c4 Bg7 4.Nc3 Nd7 5.e4 e5 6.Be2 Ngf6 7.O-O O-O 8.Re1 c6
9.Bf1 a5 10.d5 Nc5 11.Rb1 Qc7 12.b3 Bd7 13.a3 cxd5 14.Nxd5 Nxd5 15.cxd5 b5
16.b4 axb4 17.axb4 Na4 18.Bd2 Rfc8 19.Rc1 Qb7 20.Qb3 h6 21.Qb1 Nb6 22.Rxc8+ Rxc8
23.Rc1 Nc4 24.Bxc4 bxc4 25.Bc3 Kh7 26.h4 Bg4 27.Nd2 Be2 28.Qb2 Bd3 29.b5 f5
30.Qb4 Bf8 31.b6 Rb8 32.Nxc4 Bxe4 33.Ra1 Qxd5 34.f3 Bd3 35.Ra7+ Kg8 36.Ne3 Qe6
37.Qa5 f4 38.Nd5 Bc4 39.Ra8 Rxa8 40.Qxa8 Bxd5 41.b7 Bxb7 42.Qxb7 Qf7 43.Qc6 h5
44.Be1 d5 45.g3 Bh6 46.Bd2 Kh7 47.gxf4 Bxf4 48.Bxf4 Qxf4 49.Qxd5 Qd4+ 50.Qxd4 exd4
51.Kf2 Kg7  0-1

[Event "11th European Senior"]
[Site "Courmayeur ITA"]
[Date "2011.04.10"]
[Round "5.49"]
[White "Centofante,M"]
[Black "Cesati Cassin,Giorgio"]
[Result "1-0"]
[WhiteElo "1619"]
[BlackElo "1595"]

1.d4 Nf6 2.Nf3 g6 3.c4 Bg7 4.Nc3 O-O 5.e4 d6 6.Be2 Nbd7 7.O-O e5 8.d5 a5
9.h3 Nc5 10.Nd2 Ne8 11.Nb3 b6 12.Nxc5 bxc5 13.f4 f5 14.Rb1 fxe4 15.Nxe4 Bf5
16.Bd3 exf4 17.Bxf4 Bd4+ 18.Kh2 Bxe4 19.Bxe4 Ng7 20.Qg4 Qe8 21.Bd3 Rb8 22.b3 Qc8
23.Qg5 Bf6 24.Qh6 Qd7 25.Rbe1 Rbe8 26.Rxe8 Rxe8 27.Kh1 Nh5 28.Bxg6 hxg6 29.Qxg6+ Ng7
30.Qxf6 Nh5 31.Qg5+ Ng7 32.Rf3 Qf5 33.Qg3 Qh7 34.Bd2 Rf8 35.Bxa5 Qb1+ 36.Kh2 Rxf3
37.Qxf3 Qxa2 38.Bxc7 Qa6 39.Qg3 Kf7 40.Bxd6 Nf5 41.Qf4 Qxd6 42.Qxd6 Nxd6
43.g4 Ne4 44.h4 Nd2 45.Kg3 Nxb3 46.Kf4 Nd4 47.g5 Kg6 48.d6 Nc6 49.Ke4 Nd8
50.Kd5 Kh5 51.Kxc5 Kxh4 52.g6 Kg5 53.g7 Ne6+ 54.Kc6 Nxg7 55.d7 Ne6 56.Kd6 Kf6
57.c5 Kf7 58.c6 Nd8 59.c7 Nb7+ 60.Kc6 Na5+ 61.Kb6 Nc4+ 62.Kb7 Nd6+ 63.Kc6 Ke7
64.d8=Q+  1-0

[Event "ch-POR Youth U18"]
[Site "Torres Vedras POR"]
[Date "2011.04.10"]
[Round "1.6"]
[White "Corte Real,Diogo Antunes"]
[Black "Bray,D"]
[Result "0-1"]
[WhiteElo "1491"]
[BlackElo "1984"]

1.d4 Nf6 2.c4 g6 3.Nc3 Bg7 4.Nf3 O-O 5.e4 d6 6.Be2 e5 7.d5 Na6 8.Be3 Nc5
9.Bxc5 dxc5 10.O-O Ne8 11.h3 Nd6 12.Nh2 Qh4 13.Nf3 Qe7 14.Nh2 Bd7 15.b3 f5
16.exf5 gxf5 17.Re1 e4 18.Rc1 Qg5 19.Bf1 Rae8 20.Re2 f4 21.Qc2 Bxh3 22.Nxe4 Nxe4
23.Nf3 Qh5 24.Rxe4 Bf5 25.Bd3 Bxe4 26.Bxe4 Rf6 27.Kf1 Qh1+ 28.Ke2 Rxe4+ 29.Qxe4 Qxc1
30.Ng5 Qb2+ 31.Kf3 Qc3+ 32.Kg4 Qd4 33.f3 Qxe4 34.fxe4 Rg6 35.Kf5 Bh6 36.Ne6 Rxg2
37.Nxf4 Rf2  0-1

[Event "ch-POR Youth U18"]
[Site "Torres Vedras POR"]
[Date "2011.04.11"]
[Round "3.4"]
[White "Mendes,Modeste"]
[Black "Mateus,F"]
[Result "0-1"]
[WhiteElo "1648"]
[BlackElo "2066"]

1.Nf3 g6 2.d4 Nf6 3.c4 Bg7 4.Nc3 O-O 5.e4 d6 6.Be2 Nbd7 7.O-O e5 8.d5 Nc5
9.Qc2 a5 10.Be3 Ng4 11.Bxc5 dxc5 12.Rad1 f5 13.Nd2 Nh6 14.f3 f4 15.Nb3 b6
16.Nb5 Nf7 17.Qd2 Nd6 18.a4 g5 19.g4 fxg3 20.hxg3 Bd7 21.Nxd6 cxd6 22.Ra1 Qf6
23.g4 Qg6 24.Qe3 Rf4 25.Nd2 h5 26.gxh5 Qxh5 27.Qf2 Rh4 28.Qg3 Rh3 29.Qg2 Qh4
30.Rf2 Rg3 31.Nf1 Rxg2+ 32.Rxg2 Qf4 33.Rg3 Kf7 34.b3 Rh8 35.Ra2 Bh3 36.Kf2 Bxf1
37.Bxf1 Rh1 38.Rg1 Qh4+  0-1

[Event "Zagreb Open B"]
[Site "Zagreb CRO"]
[Date "2011.04.11"]
[Round "1.15"]
[White "Galoic,B"]
[Black "Petrovic,Zv"]
[Result "1/2-1/2"]
[WhiteElo "1978"]
[BlackElo "2210"]

1.d4 Nf6 2.Nf3 g6 3.c4 Bg7 4.Nc3 O-O 5.e4 d6 6.Be2 e5 7.dxe5 dxe5 8.Qxd8 Rxd8
9.Bg5 c6 10.O-O Bg4 11.Rfd1 Nbd7 12.h3 Bxf3 13.Bxf3 Nf8 14.Rxd8 Rxd8 15.Rd1 Rxd1+
16.Bxd1 Ne6 17.Be3 Nd4 18.Kf1 Nd7 19.h4 f5 20.f3 a5 21.Bd2 Bf6 22.g3 f4 23.gxf4 Bxh4
24.Kg2 Be7 25.Ne2 Bb4 26.Be3 Bc5 27.Bd2 Kf7 28.a3 exf4 29.Bxf4 Kf6 30.Bd2 Nxe2
31.Bxe2 Bd4 32.b3 Nc5 33.Bd1 b6 34.b4 axb4 35.axb4 Ne6 36.f4 c5 37.Kf3 cxb4
38.Bxb4 Nc5 39.Bc2 g5 40.e5+ Ke6 41.Bxh7 gxf4  1/2-1/2